[Event "Corus C"]
[Site "Wijk aan Zee NED"]
[Date "2005.01.21"]
[Round "6"]
[White "Pliester,L"]
[Black "Bosboom,M"]
[Result "1/2-1/2"]
[WhiteElo "2383"]
[BlackElo "2426"]
[EventDate "2005.01.15"]

1. d4 Nf6 2. c4 c5 3. d5 a6 4. a4 e6 5. Nc3 exd5 6. cxd5 d6 7. Nf3 g6 8.
Nd2 Nbd7 9. e4 Bg7 10. Be2 O-O 11. O-O Re8 12. Re1 h5 13. Ra3 Ne5 14. Nf1
Rb8 15. h3 Qc7 16. f4 Ned7 17. Bc4 Nh7 18. e5 dxe5 19. d6 Qd8 20. Nd5 b5
21. axb5 axb5 22. Ba2 c4 23. f5 gxf5 24. Ne7+ Rxe7 25. dxe7 Qxe7 26. Qxh5
Ndf6 27. Qh4 Nf8 28. Bb1 Ng6 29. Qf2 e4 30. Bf4 Nxf4 31. Qxf4 Qc5+ 32. Kh1
Rb6 33. Ra8 Qc6 34. Ra7 Nd5 35. Qg5 Qf6 36. Qxf6 Bxf6 37. Ra8 Rc6 38. Ng3
Nb6 39. Rb8 Kg7 40. Nh5+ Kg6 41. Nxf6 Kxf6 42. g4 fxg4 43. Bxe4 Rd6 44. h4
Be6 45. Kh2 Kg7 46. Rf1 b4 47. Bf5 Rd2+ 48. Kg3 Nd5 49. Bxe6 Rd3+ 50. Kxg4
Ne3+ 51. Kh5 Nxf1 52. Bxc4 Ng3+ 53. Kg4 Rd4+ 54. Kxg3 Rxc4 55. Rb6 1/2-1/2

[Event "Corus C"]
[Site "Wijk aan Zee NED"]
[Date "2005.01.21"]
[Round "6"]
[White "Jonkman,H"]
[Black "Zhukova,N"]
[Result "0-1"]
[WhiteElo "2399"]
[BlackElo "2465"]
[EventDate "2005.01.15"]

1. e4 e6 2. d4 d5 3. e5 c5 4. c3 Nc6 5. Nf3 Bd7 6. Be2 Rc8 7. O-O a6 8.
Nbd2 cxd4 9. cxd4 Nge7 10. Nb3 Ng6 11. Bd2 Be7 12. Rc1 O-O 13. Re1 a5 14.
Bd3 a4 15. Na1 Qb6 16. Bc3 Na5 17. h4 h6 18. h5 Nf4 19. Bb1 Nc4 20. g3 Nxh5
21. Kg2 f5 22. exf6 Nxf6 23. Ne5 Be8 24. Ng6 Bxg6 25. Bxg6 Nxb2 26. Qe2 Ba3
27. Bxb2 Bxb2 28. Rb1 a3 29. Nc2 Qc6 30. Nb4 Qd6 31. Nd3 Bxd4 32. Rxb7 Rc6
33. Nf4 e5 34. Nd3 e4 35. Nf4 Be5 36. Nh5 Nd7 37. Bxe4 dxe4 38. Rd1 Bd4 39.
Qxe4 Rxf2+ 40. Kh3 Qc5 41. Nf4 Rxf4 0-1

[Event "Corus C"]
[Site "Wijk aan Zee NED"]
[Date "2005.01.22"]
[Round "7"]
[White "Bosboom Lanchava,T"]
[Black "Spoelman,W"]
[Result "1-0"]
[WhiteElo "2366"]
[BlackElo "2381"]
[EventDate "2005.01.15"]

1. d4 Nf6 2. c4 e6 3. Nc3 Bb4 4. Qc2 O-O 5. Bg5 c5 6. dxc5 Na6 7. a3 Bxc5
8. Nf3 Be7 9. e4 h6 10. Bh4 b6 11. Rd1 Bb7 12. Be2 Nc5 13. Bxf6 Bxf6 14. e5
Be7 15. b4 Na6 16. Ne4 Rc8 17. Nd6 Bxd6 18. Rxd6 Bxf3 19. gxf3 Qg5 20. Qe4
Qc1+ 21. Rd1 Qxa3 22. Bd3 Qxb4+ 23. Kf1 g6 24. Rg1 Qe7 25. Qg4 Nb4 26. Bxg6
fxg6 27. Qxg6+ Kh8 28. Qxh6+ Qh7 29. Qxh7+ Kxh7 30. Rd4 1-0

[Event "Corus C"]
[Site "Wijk aan Zee NED"]
[Date "2005.01.22"]
[Round "7"]
[White "Bosboom,M"]
[Black "Muhren,B"]
[Result "1-0"]
[WhiteElo "2426"]
[BlackElo "2295"]
[EventDate "2005.01.15"]

1. d4 d5 2. c4 dxc4 3. Nf3 c5 4. e3 cxd4 5. Bxc4 Qc7 6. Bb3 dxe3 7. Bxe3 e6
8. Nc3 Bd7 9. Rc1 Qa5 10. O-O Nf6 11. Ng5 Nc6 12. Nce4 Nxe4 13. Nxe4 Qc7
14. Qf3 Be7 15. Rfd1 Rd8 16. Bf4 Qb6 17. Qg3 Rg8 18. Bc7 Nd4 19. Qe3 1-0

[Event "Corus C"]
[Site "Wijk aan Zee NED"]
[Date "2005.01.22"]
[Round "7"]
[White "Zhukova,N"]
[Black "Pliester,L"]
[Result "1-0"]
[WhiteElo "2465"]
[BlackElo "2383"]
[EventDate "2005.01.15"]

1. d4 d5 2. c4 c6 3. Nc3 Nf6 4. Nf3 dxc4 5. a4 Bf5 6. Ne5 e6 7. e3 Bb4 8.
Bxc4 Nbd7 9. Nxd7 Qxd7 10. O-O O-O 11. Qe2 Bg6 12. f3 Rad8 13. Rd1 Qe7 14.
e4 c5 15. dxc5 Rxd1+ 16. Nxd1 Bxc5+ 17. Be3 Nd7 18. Nf2 Rc8 19. Bb3 Bxe3
20. Qxe3 Qc5 21. Qxc5 Nxc5 22. Rc1 Rc6 23. Bd1 f5 24. b4 Na6 25. Rb1 fxe4
26. b5 e3 27. Ne4 Bxe4 28. fxe4 Rb6 29. a5 Rd6 30. bxa6 Rxa6 31. Rxb7 Rxa5
32. Kf1 Ra2 33. Bb3 Rf2+ 34. Ke1 Rxg2 35. Bxe6+ Kf8 36. Rxa7 h5 37. Ra2 1-0

[Event "Corus C"]
[Site "Wijk aan Zee NED"]
[Date "2005.01.22"]
[Round "7"]
[White "Georgiev,Vl"]
[Black "Jonkman,H"]
[Result "1/2-1/2"]
[WhiteElo "2517"]
[BlackElo "2399"]
[EventDate "2005.01.15"]

1. c4 e6 2. Nc3 d5 3. d4 c6 4. e3 Bd6 5. Bd3 Nf6 6. Nf3 Nbd7 7. O-O dxc4 8.
Bxc4 b5 9. Bd3 a6 10. e4 e5 11. Kh1 exd4 12. Nxd4 Ne5 13. Be2 Bc5 14. Nb3
Qxd1 15. Nxd1 Bb6 16. f3 Be6 17. Be3 Bxe3 18. Nxe3 O-O-O 19. f4 Nd3 20. e5
Ne4 21. Bf3 f5 22. exf6 Nxf6 23. Na5 Bd5 24. Nxd5 cxd5 25. a4 Kc7 26. axb5
axb5 27. Be2 Nxb2 28. Bxb5 Ra8 29. Rfb1 Nc4 30. Bxc4 dxc4 31. Nxc4 Rhb8 32.
h3 Rxb1+ 33. Rxb1 Nh5 34. Re1 Ra4 35. Rc1 Kd8 36. Nb6 Rd4 37. Rc8+ Ke7 38.
Rc7+ Kd6 39. Ra7 Ke6 40. f5+ Kf6 41. Nd7+ Ke7 42. Nc5+ Kf6 43. Ra6+ Ke5 44.
Ne6 Rd2 45. Ra5+ Kf6 46. Kh2 g6 47. fxg6 hxg6 48. Ng5 Rb2 49. Ne4+ Kf7 50.
Ra6 Rb4 51. Ng5+ Kg7 52. Ra7+ Kg8 53. Ne6 Nf4 54. Ra8+ Kf7 55. Ng5+ Kf6 56.
Nf3 Ne6 57. Ra6 Re4 58. Kg3 g5 59. Nd2 Rd4 60. Nf3 Re4 61. Nh2 Ke7 62. Ra7+
Kf6 63. Ng4+ Kg6 64. Ra6 Kf7 65. Ra3 Rb4 66. Rc3 Ra4 67. Ne3 Ke7 68. Nc4
Kf6 69. Kf3 Nf4 70. Nb6 Ra2 71. Rc6+ Kg7 72. Rc7+ Kh6 73. Rc6+ Kg7 74. h4
gxh4 75. Kxf4 Rxg2 76. Rc3 Rg3 77. Rc7+ Kf6 78. Rh7 Rb3 79. Nd5+ Ke6 80.
Ke4 Rb1 81. Rh6+ Kd7 82. Nb6+ Kc7 83. Nc4 Kd7 84. Ne3 h3 85. Kd5 Rb5+ 86.
Kc4 Rb1 87. Kc5 Rc1+ 88. Kd5 Ra1 89. Rh7+ Ke8 90. Nc4 Rd1+ 91. Ke6 Kd8 92.
Ne3 Re1 93. Rxh3 Kc7 94. Kd5 Kb6 95. Nc4+ Kb5 96. Rb3+ Ka4 97. Rb8 Rh1 98.
Nd2 Rh5+ 99. Kc4 Rh4+ 100. Kc3 Rh3+ 101. Kd4 Rh4+ 102. Ne4 Ka5 103. Rb1 Ka6
104. Kd5 Rh5+ 105. Kc6 Rh6+ 106. Nd6 Ka5 107. Kc5 Rh5+ 108. Kd4 Rh4+ 109.
Ne4 Ka6 110. Rb2 Ka5 111. Rb8 Ka6 112. Kd5 Rh5+ 113. Kc6 Rh6+ 114. Kc5 Rh5+
115. Kb4 Rh4 116. Re8 Kb6 117. Re6+ Kc7 118. Kc4 Kd7 119. Re5 Rh1 120. Ra5
Rd1 1/2-1/2

[Event "Corus C"]
[Site "Wijk aan Zee NED"]
[Date "2005.01.22"]
[Round "7"]
[White "L'Ami,E"]
[Black "Korotylev,A"]
[Result "1-0"]
[WhiteElo "2531"]
[BlackElo "2603"]
[EventDate "2005.01.15"]

1. d4 Nf6 2. c4 e6 3. Nc3 Bb4 4. Qc2 c5 5. dxc5 O-O 6. a3 Bxc5 7. Nf3 b6 8.
Bg5 Bb7 9. e4 h6 10. Bh4 Be7 11. Rd1 Nh5 12. Bg3 Nxg3 13. hxg3 Bf6 14. Nb5
Nc6 15. Nd6 Rb8 16. Be2 Ba8 17. O-O Qe7 18. b4 a5 19. b5 Ne5 20. Nh2 Qd8
21. f4 Ng6 22. Ng4 Be7 23. f5 Qc7 24. fxg6 Bxd6 25. gxf7+ Rxf7 26. Rxf7
Kxf7 27. e5 Bf8 28. Nxh6+ Ke7 29. Qg6 Kd8 30. Qxe6 Kc8 31. Qf7 Bxa3 32. Bg4
Rb7 33. e6 Kb8 34. exd7 Qxg3 35. d8=Q+ Ka7 36. Bf3 Bc5+ 37. Kh1 1-0

[Event "Corus C"]
[Site "Wijk aan Zee NED"]
[Date "2005.01.22"]
[Round "7"]
[White "Alekseev,Evgeny"]
[Black "Wempe,Jo"]
[Result "1/2-1/2"]
[WhiteElo "2605"]
[BlackElo "2265"]
[EventDate "2005.01.15"]

1. e4 e6 2. d4 d5 3. Nc3 Bb4 4. e5 Ne7 5. a3 Bxc3+ 6. bxc3 c5 7. Nf3 b6 8.
Bb5+ Bd7 9. Bd3 c4 10. Be2 Ba4 11. O-O Kd7 12. g3 Na6 13. Nh4 Nc7 14. Ng2
Qg8 15. Ne3 h6 16. f4 Qh7 17. f5 Nxf5 18. Nxf5 exf5 19. Rxf5 Kc6 20. Bg4
Rhf8 21. Ra2 Kb7 22. Rf2 f6 23. Qf1 Rae8 24. Rb2 Qg8 25. Rb4 Bc6 26. Bh5
Re6 27. Bd2 g6 28. Bg4 f5 29. Bf3 Qg7 30. Qa1 a5 31. Rb1 Ba4 32. Qb2 Ka6
33. Rbf1 h5 34. Bg5 Qd7 35. Bg2 Rf7 36. h3 Rh7 37. Qc1 Re8 38. Bf6 Ne6 39.
Bg5 Nc7 40. Qe3 Bc6 41. g4 hxg4 42. hxg4 Rf8 43. gxf5 gxf5 44. Bf6 Rh5 45.
Rf3 Qh7 46. Rh3 Bd7 47. Rxh5 Qxh5 48. Qf3 Qg6 49. Kf2 Rg8 50. Kg1 Be6 51.
Rf2 Nb5 1/2-1/2

[Event "Corus C"]
[Site "Wijk aan Zee NED"]
[Date "2005.01.23"]
[Round "8"]
[White "Mamedjarova,Z"]
[Black "Bosboom,M"]
[Result "0-1"]
[WhiteElo "2349"]
[BlackElo "2426"]
[EventDate "2005.01.15"]

1. d4 Nf6 2. c4 e6 3. Nc3 Bb4 4. e3 d5 5. Bd3 O-O 6. Nge2 dxc4 7. Bxc4 Nc6
8. O-O e5 9. a3 Bxc3 10. bxc3 Re8 11. Ng3 Be6 12. Bd3 Na5 13. Rb1 b6 14.
Qe2 c5 15. Rd1 Bb3 16. Rd2 exd4 17. cxd4 c4 18. Bc2 Nd5 19. Qg4 Rc8 20. e4
Nf6 21. Qf3 c3 22. Re2 Bxc2 23. Rxc2 Qxd4 24. Rb4 Qd7 25. Rxc3 Nc6 26. Rb2
Ne5 27. Qe3 Qd1+ 28. Nf1 Nc4 29. Rxc4 Rxc4 30. Bd2 Rcxe4 31. Qg5 h6 32. Qb5
R8e5 33. Qa6 Re2 34. Qc8+ Re8 35. Qc6 Ng4 36. Be3 R8xe3 37. fxe3 Rxb2 38.
Qe8+ Kh7 39. Qxf7 Rf2 40. Qc4 Rxf1+ 41. Qxf1 0-1

[Event "Corus C"]
[Site "Wijk aan Zee NED"]
[Date "2005.01.23"]
[Round "8"]
[White "Pliester,L"]
[Black "Muhren,B"]
[Result "0-1"]
[WhiteElo "2383"]
[BlackElo "2295"]
[EventDate "2005.01.15"]

1. e4 c5 2. Nf3 e6 3. d4 cxd4 4. Nxd4 Nf6 5. Nc3 d6 6. g4 h6 7. h3 Nc6 8.
Bg2 Nxd4 9. Qxd4 e5 10. Qd3 Be6 11. O-O Rc8 12. Nd5 Be7 13. c4 Bxd5 14.
exd5 Nd7 15. Be3 Bg5 16. b3 O-O 17. Rac1 a5 18. Rc2 b6 19. Re1 Qf6 20. Qd2
Rfe8 21. Be4 Nc5 22. Bxg5 Qxg5 23. Bg2 Qxd2 24. Rxd2 g6 25. Kh2 f5 26. gxf5
gxf5 27. h4 Kf7 28. Rb1 Nd7 29. Bh3 Kf6 30. Rd3 e4 31. Rg3 Ne5 32. Kh1 Nf3
33. h5 Rg8 34. Rxg8 Rxg8 35. Bg2 Ne5 36. b4 Nxc4 37. bxa5 bxa5 38. Rb5 Ke5
39. Bf1 Kd4 40. Bxc4 Kxc4 41. Rxa5 f4 42. Ra6 Kxd5 43. Ra5+ Ke6 44. Rb5 f3
45. a4 Rg2 0-1

[Event "Corus C"]
[Site "Wijk aan Zee NED"]
[Date "2005.01.23"]
[Round "8"]
[White "Spoelman,W"]
[Black "L'Ami,E"]
[Result "0-1"]
[WhiteElo "2381"]
[BlackElo "2531"]
[EventDate "2005.01.15"]

1. e4 c5 2. Nf3 d6 3. d4 cxd4 4. Nxd4 Nf6 5. Nc3 a6 6. Be3 e6 7. f3 Be7 8.
g4 O-O 9. Qd2 Nc6 10. O-O-O Nxd4 11. Qxd4 Nd7 12. h4 Ne5 13. Be2 b5 14. f4
Nc6 15. Qd2 Qa5 16. g5 b4 17. Nb1 Qxa2 18. Bd3 Bb7 19. Qe2 Na5 20. Bb6 Rfc8
21. Bxa5 Qxa5 22. h5 Rc5 23. g6 Rac8 24. gxf7+ Kxf7 25. b3 Qa2 26. h6 g6
27. Rhg1 Qxb3 28. Rdf1 a5 29. f5 Ba6 30. fxg6+ Ke8 31. gxh7 Bxd3 32. Rg8+
Kd7 33. Rxc8 Rxc8 0-1

[Event "Corus C"]
[Site "Wijk aan Zee NED"]
[Date "2005.01.25"]
[Round "9"]
[White "Georgiev,Vl"]
[Black "Pliester,L"]
[Result "1-0"]
[WhiteElo "2517"]
[BlackElo "2383"]
[EventDate "2005.01.15"]

1. c4 Nf6 2. d4 c6 3. Bf4 Qb6 4. Qd2 Ne4 5. Qc2 f5 6. f3 Nf6 7. e3 d6 8.
Nc3 g6 9. O-O-O Bg7 10. Nh3 Na6 11. c5 dxc5 12. Bc4 Nb4 13. Qa4 Bd7 14. Qa3
cxd4 15. exd4 Nfd5 16. Rhe1 Kd8 17. Be5 Bh6+ 18. f4 Re8 19. Na4 Qa5 20. Nc5
Qb6 21. Qg3 Na6 22. Bxa6 bxa6 23. a3 Qb5 24. Kb1 a5 25. a4 Qb4 26. Rd3 Nb6
27. Rb3 Qc4 28. Rc1 Qg8 29. Ng5 Rf8 30. Qc3 Bxg5 31. Qxa5 Bf6 32. Rxb6 axb6
33. Qxa8+ Bc8 34. Qxc6 Bxe5 35. dxe5 1-0

[Event "Corus C"]
[Site "Wijk aan Zee NED"]
[Date "2005.01.25"]
[Round "9"]
[White "Alekseev,Evgeny"]
[Black "Zhukova,N"]
[Result "1/2-1/2"]
[WhiteElo "2605"]
[BlackElo "2465"]
[EventDate "2005.01.15"]

1. e4 e6 2. d4 d5 3. Nc3 Nf6 4. e5 Nfd7 5. f4 c5 6. Nf3 Nc6 7. Be3 cxd4 8.
Nxd4 Bc5 9. Qd2 O-O 10. O-O-O a6 11. Kb1 Nxd4 12. Bxd4 b5 13. Qe3 Qc7 14.
Bd3 Bxd4 15. Qxd4 Bb7 16. Ne2 f6 17. exf6 Rxf6 18. Qe3 b4 19. Rhe1 Nc5 20.
Nd4 Ne4 21. g3 Kh8 22. Nb3 Rc8 23. Bxe4 dxe4 24. Qc5 h6 25. Qxc7 Rxc7 26.
Nd2 Rd7 27. Nc4 Rxd1+ 28. Rxd1 a5 29. Rd6 Rf8 30. Kc1 g5 31. Ne5 Kg8 32.
Rd7 gxf4 33. gxf4 Bd5 34. Ng6 Rf6 35. Ne7+ Kf8 36. Nxd5 exd5 37. Rxd5 Rxf4
38. Rxa5 e3 39. Kd1 Rf2 40. Re5 Rd2+ 41. Kc1 Re2 42. Kd1 1/2-1/2

[Event "Corus C"]
[Site "Wijk aan Zee NED"]
[Date "2005.01.25"]
[Round "9"]
[White "Bosboom Lanchava,T"]
[Black "Jonkman,H"]
[Result "0-1"]
[WhiteElo "2366"]
[BlackElo "2399"]
[EventDate "2005.01.15"]

1. c4 e6 2. d4 d5 3. cxd5 exd5 4. Nc3 c6 5. Bf4 Bd6 6. Bg3 Ne7 7. e3 Bf5 8.
Nf3 h5 9. Bd3 Qc7 10. Bxd6 Qxd6 11. Bxf5 Nxf5 12. Qc2 Ne7 13. O-O-O Nd7 14.
Kb1 f5 15. Ng5 h4 16. f3 Rf8 17. e4 Qh6 18. exd5 Qxg5 19. d6 Nc8 20. Rhe1+
Kf7 21. Qb3+ Kg6 22. f4 Qg4 23. h3 Qxf4 24. Qe6+ Nf6 25. Rf1 Qg5 26. d7 Nb6
27. d5 Rad8 28. dxc6 bxc6 29. Rd4 Rxd7 30. Rdf4 Re8 31. Qxc6 Re1+ 32. Rxe1
Qxf4 33. Qb5 Rd2 34. a4 Nc4 35. Nd1 Rxb2+ 0-1

[Event "Corus C"]
[Site "Wijk aan Zee NED"]
[Date "2005.01.25"]
[Round "9"]
[White "L'Ami,E"]
[Black "Wempe,Jo"]
[Result "1-0"]
[WhiteElo "2531"]
[BlackElo "2265"]
[EventDate "2005.01.15"]

1. e4 e6 2. d4 d5 3. Nc3 dxe4 4. Nxe4 Nd7 5. Nf3 Ngf6 6. Nxf6+ Nxf6 7. c3
c5 8. Be3 cxd4 9. Bxd4 Bd6 10. Bd3 O-O 11. O-O b6 12. Bxf6 gxf6 13. Be4 Rb8
14. Nd4 Bb7 15. Qf3 Bxe4 16. Qxe4 f5 17. Qf3 Qc7 18. g3 Be5 19. Nb5 Qb7 20.
Qe3 Bg7 21. Rfd1 Rfd8 22. a4 a6 23. Nd4 Rd7 24. Rd2 Rbd8 25. Rad1 h6 26. h4
Rd5 27. Kh2 Qd7 28. b3 Qb7 29. Nxe6 R8d6 30. Rxd5 Rxd5 31. Rxd5 Qxd5 32.
Nxg7 Kxg7 33. Qd4+ Qxd4 34. cxd4 Kf6 35. Kg2 Ke6 36. Kf3 Kd5 37. Kf4 Kxd4
38. Kxf5 Kc3 39. g4 Kxb3 40. h5 f6 41. Kxf6 Kxa4 42. g5 b5 43. gxh6 1-0

[Event "Corus C"]
[Site "Wijk aan Zee NED"]
[Date "2005.01.25"]
[Round "9"]
[White "Bosboom,M"]
[Black "Korotylev,A"]
[Result "0-1"]
[WhiteElo "2426"]
[BlackElo "2603"]
[EventDate "2005.01.15"]

1. d4 d5 2. Nf3 Nf6 3. c4 c6 4. Nc3 dxc4 5. a4 Bf5 6. e3 e6 7. Bxc4 Bb4 8.
O-O O-O 9. h3 h6 10. Bd2 a5 11. Qe2 Bh7 12. g4 Nbd7 13. Rfd1 Qe7 14. Qf1
Bd6 15. Qg2 Ne4 16. Bd3 f5 17. Be1 e5 18. dxe5 Nxe5 19. Nxe5 Bxe5 20. Nxe4
fxe4 21. Bc4+ Kh8 22. Bc3 Bxc3 23. bxc3 Qc5 24. Rd4 b5 25. axb5 cxb5 26.
Bd5 Qxc3 27. Rad1 Rad8 28. h4 b4 29. g5 b3 30. Qg3 Rd7 31. Kh2 b2 32. Rc4
Qxc4 33. Bxc4 Rxd1 34. gxh6 Rh1+ 0-1

[Event "Corus C"]
[Site "Wijk aan Zee NED"]
[Date "2005.01.25"]
[Round "9"]
[White "Muhren,B"]
[Black "Mamedjarova,Z"]
[Result "0-1"]
[WhiteElo "2295"]
[BlackElo "2349"]
[EventDate "2005.01.15"]

1. e4 c5 2. Nf3 Nc6 3. d4 cxd4 4. Nxd4 Nf6 5. Nc3 e5 6. Ndb5 d6 7. Bg5 a6
8. Na3 b5 9. Nd5 Be7 10. Bxf6 Bxf6 11. c3 Ne7 12. Nxf6+ gxf6 13. g3 f5 14.
Bg2 Bb7 15. Qe2 O-O 16. f4 exf4 17. O-O-O b4 18. cxb4 Ng6 19. exf5 f3 20.
Bxf3 Qg5+ 21. Rd2 Rac8+ 22. Kd1 Rfe8 23. Qf1 Ne5 24. h4 Bxf3+ 0-1

[Event "Corus C"]
[Site "Wijk aan Zee NED"]
[Date "2005.01.26"]
[Round "10"]
[White "Jonkman,H"]
[Black "L'Ami,E"]
[Result "0-1"]
[WhiteElo "2399"]
[BlackElo "2531"]
[EventDate "2005.01.15"]

1. e4 c6 2. d4 d5 3. Nd2 dxe4 4. Nxe4 Bf5 5. Ng3 Bg6 6. h4 h6 7. Nf3 Nd7 8.
h5 Bh7 9. Bd3 Bxd3 10. Qxd3 e6 11. Bd2 Ngf6 12. O-O-O Be7 13. Kb1 O-O 14.
Qe2 Qb6 15. c4 Rad8 16. Bf4 Rfe8 17. Qc2 Qa6 18. Ne5 c5 19. Ne2 cxd4 20.
Nxd4 Nxe5 21. Bxe5 Ng4 22. Bg3 Qb6 23. Nb5 a6 24. Rxd8 Qxd8 25. Nc3 Qd4 26.
Qe2 Rc8 27. Rd1 Qxc4 28. Qxc4 Rxc4 29. Rd7 Bf6 30. Rxb7 Bxc3 31. bxc3 Rxc3
32. Rb8+ Kh7 33. Rb7 Rc5 34. Rxf7 Rxh5 35. Re7 Rh1+ 36. Kb2 Rg1 37. Rxe6
Rxg2 38. Rxa6 Nxf2 39. Bc7 Ne4+ 40. Ka3 h5 41. Rc6 h4 42. Rc4 Re2 43. Kb4
Rb2+ 44. Ka3 Re2 45. Kb4 Kg6 46. a4 Kf5 47. a5 h3 48. a6 Ra2 49. Kb5 h2 50.
Bxh2 Rxh2 51. a7 Nd6+ 52. Kc6 Ra2 53. Rc5+ Ke6 54. Kb6 g6 55. Rc2 Ra1 56.
Rc1 Ra4 57. Rg1 Kf6 58. Rf1+ Kg7 59. Rc1 Nb5 60. Kxb5 Rxa7 61. Rg1 Rc7 62.
Kb6 Rc8 63. Kb7 Rc4 64. Kb6 Kf6 65. Kb5 Rf4 66. Kc5 g5 67. Kd5 g4 68. Rh1
Kg5 69. Ke5 Rf8 70. Ke4 Re8+ 71. Kd3 g3 72. Rh7 Kg4 73. Rg7+ Kf3 74. Rf7+
Kg2 75. Kd2 Kg1 76. Rg7 g2 77. Rh7 Re4 78. Kd3 Re5 79. Kd4 Rg5 80. Ke3 Kf1
81. Rf7+ Ke1 0-1

[Event "Corus C"]
[Site "Wijk aan Zee NED"]
[Date "2005.01.26"]
[Round "10"]
[White "Pliester,L"]
[Black "Mamedjarova,Z"]
[Result "1/2-1/2"]
[WhiteElo "2383"]
[BlackElo "2349"]
[EventDate "2005.01.15"]

1. d4 e6 2. e4 c5 3. d5 exd5 4. exd5 d6 5. Nf3 Nf6 6. Be2 Be7 7. O-O O-O 8.
Nc3 Na6 9. h3 Rb8 10. Nh2 Bd7 11. Re1 Re8 12. Nf1 Nc7 13. a4 a6 14. Bf4 b5
15. axb5 axb5 16. Ne3 b4 17. Nb1 Ne4 18. Bd3 Bg5 19. Bxg5 Qxg5 20. Bxe4
Rxe4 21. Nd2 Re7 22. Ndc4 Qg6 23. Qf3 Rbe8 24. Kh2 Bb5 25. b3 Bxc4 26. bxc4
Qg5 27. Qg3 Qxg3+ 28. Kxg3 g6 29. Kf3 Kf8 30. g4 Rb8 31. Reb1 f6 32. Rb3
Ra8 33. Rxa8+ Nxa8 34. c3 bxc3 35. Rb8+ Re8 36. Rxe8+ Kxe8 37. Ke2 Nb6 38.
Kd3 Nd7 39. f4 Nb6 40. Kxc3 Ke7 41. Kb3 Kd7 42. Nf1 Ke7 43. Ng3 Ke8 44. h4
Ke7 45. Nf1 Kf7 46. Ng3 Ke7 47. f5 Nd7 48. fxg6 hxg6 49. h5 Ne5 50. hxg6
Nxg6 51. Nf5+ Kd7 52. Ne3 Ne5 53. Ka4 Kc7 54. Kb5 Nf3 55. Nf5 Ne5 1/2-1/2

[Event "Corus C"]
[Site "Wijk aan Zee NED"]
[Date "2005.01.26"]
[Round "10"]
[White "Korotylev,A"]
[Black "Muhren,B"]
[Result "1-0"]
[WhiteElo "2603"]
[BlackElo "2295"]
[EventDate "2005.01.15"]

1. Nf3 c5 2. c4 e6 3. g3 Nf6 4. Bg2 d5 5. cxd5 exd5 6. d4 Nc6 7. O-O Bg4 8.
Ne5 Be6 9. Nxc6 bxc6 10. dxc5 Bxc5 11. Qc2 Qb6 12. Nc3 Be7 13. Be3 Qc7 14.
Na4 O-O 15. Bc5 Rac8 16. e3 Rfe8 17. Rac1 Nd7 18. Bxe7 Rxe7 19. Nc5 g6 20.
Qa4 Nb6 21. Qd4 Bf5 22. b3 Qe5 23. Rfd1 Be4 24. Qxe5 Rxe5 25. Bh3 Bf5 26.
Nd3 Re7 27. Bxf5 gxf5 28. Rc2 Kf8 29. Rdc1 Re6 30. Nb4 a5 31. Nxc6 Ra8 32.
Nd4 Rf6 33. Rc6 Nd7 34. Rxf6 Nxf6 35. a4 Ne4 36. Nxf5 Rb8 37. Nd4 Kg7 38.
f3 Ng5 39. Rc5 Ne6 40. Rb5 Rc8 41. Rxa5 Rc3 42. Rb5 1-0

[Event "Corus C"]
[Site "Wijk aan Zee NED"]
[Date "2005.01.26"]
[Round "10"]
[White "Zhukova,N"]
[Black "Bosboom Lanchava,T"]
[Result "1-0"]
[WhiteElo "2465"]
[BlackElo "2366"]
[EventDate "2005.01.15"]

1. d4 f5 2. g3 g6 3. Bg2 Nf6 4. Nf3 Bg7 5. O-O O-O 6. c4 d6 7. Nc3 Nc6 8.
d5 Na5 9. Qa4 c5 10. dxc6 Nxc6 11. Rd1 Kh8 12. c5 d5 13. Bf4 Be6 14. Ne5
Qc8 15. Nxc6 Qxc6 16. Qa3 Ne4 17. Nxe4 fxe4 18. Rac1 Bg8 19. Rc2 d4 20. Bg5
Qe6 21. c6 Qf5 22. cxb7 Rab8 23. Bxe7 Qxf2+ 24. Kh1 d3 25. Bxf8 Rxf8 26.
Rcc1 dxe2 27. Re1 e3 28. Qd6 Bxb2 29. Rxe2 Qxe2 30. Qxf8 1-0

[Event "Corus C"]
[Site "Wijk aan Zee NED"]
[Date "2005.01.26"]
[Round "10"]
[White "Spoelman,W"]
[Black "Bosboom,M"]
[Result "1-0"]
[WhiteElo "2381"]
[BlackElo "2426"]
[EventDate "2005.01.15"]

1. e4 c5 2. Nf3 d6 3. d4 cxd4 4. Nxd4 Nf6 5. Nc3 a6 6. Bg5 e6 7. f4 Nbd7 8.
Qf3 h6 9. Bh4 Rg8 10. O-O-O g5 11. fxg5 hxg5 12. Bg3 g4 13. Qf2 Qc7 14. Be2
Be7 15. h3 gxh3 16. gxh3 b5 17. a3 Rb8 18. Rhf1 b4 19. axb4 Rxb4 20. h4 Ne5
21. h5 Qb6 22. Bh4 Nfg4 23. Bxg4 Bxh4 24. Qxh4 Rxg4 25. Qf6 Rxd4 26. Qh8+
Kd7 27. Rxd4 Rg1 28. Rxg1 Qxd4 29. Qg7 Kc6 30. h6 Qe3+ 31. Kb1 1-0

[Event "Corus C"]
[Site "Wijk aan Zee NED"]
[Date "2005.01.28"]
[Round "11"]
[White "Muhren,B"]
[Black "Spoelman,W"]
[Result "0-1"]
[WhiteElo "2295"]
[BlackElo "2381"]
[EventDate "2005.01.15"]

1. e4 c5 2. Nf3 d6 3. d4 cxd4 4. Nxd4 Nf6 5. Nc3 a6 6. Be3 e5 7. Nb3 Be6 8.
f3 Be7 9. Qd2 O-O 10. g4 Qc7 11. O-O-O Nbd7 12. Kb1 b5 13. g5 Nh5 14. Nd5
Bxd5 15. exd5 Nb6 16. Na5 Nxd5 17. Qxd5 Qxa5 18. c4 Rab8 19. Bd3 Qb4 20. c5
dxc5 21. Qxe5 Rfe8 22. Bd2 Qd4 23. Qxd4 cxd4 24. f4 Bd6 25. Rhf1 g6 26. f5
Bxh2 27. f6 Bd6 28. Rf3 Rbc8 29. Rg1 Re6 30. Rg4 Be5 31. Rh3 Bf4 0-1

[Event "Corus C"]
[Site "Wijk aan Zee NED"]
[Date "2005.01.28"]
[Round "11"]
[White "L'Ami,E"]
[Black "Zhukova,N"]
[Result "1/2-1/2"]
[WhiteElo "2531"]
[BlackElo "2465"]
[EventDate "2005.01.15"]

1. d4 d5 2. c4 c6 3. Nf3 Nf6 4. Nc3 a6 5. a4 e6 6. Bg5 a5 7. e3 Na6 8. Be2
Be7 9. O-O O-O 10. Ne5 Nb4 11. h3 Nd7 12. Bxe7 Qxe7 13. Nxd7 Bxd7 14. Qd2
Rfd8 15. c5 e5 16. Na2 Nxa2 17. Rxa2 Re8 18. b4 axb4 19. Qxb4 Bc8 20. a5
Qh4 21. Kh2 exd4 22. exd4 Re4 23. Rd2 Qe7 24. Bf3 Rf4 25. Re2 Be6 26. Re3
Qc7 27. g3 Rh4 28. Bg2 Rxa5 29. f4 Rh6 30. f5 Bd7 31. Re7 Ra8 32. Qd2 Rf6
33. Qe3 h6 34. Kg1 Qd8 35. g4 Re6 36. fxe6 Qxe7 37. exf7+ Kf8 38. Qd3 Qg5
39. Qg3 Qg6 40. Qc7 Qe6 41. Qxb7 Ra2 42. Qb1 Qe3+ 43. Kh1 1/2-1/2

[Event "Corus C"]
[Site "Wijk aan Zee NED"]
[Date "2005.01.28"]
[Round "11"]
[White "Alekseev,Evgeny"]
[Black "Pliester,L"]
[Result "0-1"]
[WhiteElo "2605"]
[BlackElo "2383"]
[EventDate "2005.01.15"]

1. e4 c5 2. Nf3 d6 3. d4 cxd4 4. Nxd4 Nf6 5. Nc3 a6 6. Be3 e5 7. Nb3 Be6 8.
f4 exf4 9. Bxf4 Nc6 10. Qd2 d5 11. O-O-O Nxe4 12. Nxe4 dxe4 13. Qe3 Qf6 14.
Qxe4 Be7 15. Bd3 Bd5 16. Qxd5 Qxf4+ 17. Kb1 Rd8 18. Qe4 Qxe4 19. Bxe4 Rxd1+
20. Rxd1 h5 21. Bxc6+ bxc6 22. Nd4 c5 23. Nf5 g6 24. Ne3 h4 25. Nd5 Rh5 26.
Nc7+ Kf8 27. Nxa6 Rg5 28. Rd2 h3 29. g3 Re5 30. a4 Bg5 31. Rd1 c4 32. Nb4
Re2 33. Rh1 Ke7 34. a5 Kd6 35. a6 Kc7 36. Rd1 Bd2 37. Nd5+ Kb8 38. Ka2 Ka7
39. g4 Kxa6 40. Rf1 Rxh2 41. Rxf7 Rg2 42. Rh7 h2 43. b4 cxb3+ 44. Kxb3 Kb5
45. c3 Kc5 46. Nb4 Kd6 47. Nd3 g5 48. c4 Bf4 49. Rh6+ Ke7 50. Kc3 Bg3 51.
Rh3 Rg1 52. Nf2 Bxf2 53. Rxh2 Rg3+ 54. Kb4 Be3 55. Re2 Kf6 56. Kb5 Bf4 57.
c5 Rxg4 58. c6 Rg1 59. Rc2 g4 60. c7 Bxc7 61. Rxc7 g3 0-1

[Event "Corus C"]
[Site "Wijk aan Zee NED"]
[Date "2005.01.28"]
[Round "11"]
[White "Mamedjarova,Z"]
[Black "Korotylev,A"]
[Result "0-1"]
[WhiteElo "2349"]
[BlackElo "2603"]
[EventDate "2005.01.15"]

1. d4 g6 2. Nf3 Bg7 3. e4 d6 4. Nc3 Nf6 5. Be2 O-O 6. O-O c6 7. h3 Nbd7 8.
Bg5 Qc7 9. Re1 e5 10. a4 Re8 11. Bc4 h6 12. Be3 Nb6 13. Bf1 Be6 14. Qd2 Kh7
15. b3 Rad8 16. Rad1 a6 17. Qc1 Nbd7 18. dxe5 dxe5 19. Nd2 b5 20. Qb2 Bf8
21. Ra1 Bc5 22. axb5 Bxe3 23. Rxe3 axb5 24. Nf3 Ra8 25. Ree1 Red8 26. Rxa8
Rxa8 27. Na2 Nc5 28. Nb4 Nfd7 29. Nd3 f6 30. Nxc5 Nxc5 31. Qc3 Qd6 32. Re2
Ra7 33. Rd2 Qe7 34. Re2 Rc7 35. Ne1 Kg7 36. Re3 Bf7 37. Nd3 Ne6 38. Re1 c5
39. Nb2 Nd4 40. Ra1 b4 41. Qd3 Ra7 42. Rxa7 Qxa7 43. Nc4 Qa2 44. Ne3 Be6
45. h4 Qa1 46. h5 gxh5 47. Nf5+ Bxf5 48. exf5 Qc1 49. Qa6 Nxf5 50. Qa7+ Kg6
51. Qxc5 Qe1 52. Qc8 Ng7 53. Qc4 f5 54. Qc6+ Kh7 55. Qc5 e4 56. Qe3 Qxe3
57. fxe3 Ne8 58. Kf2 Kg7 59. Ke2 Nf6 60. Kd2 Nd5 61. Bc4 Nc3 62. Be6 Kf6
63. Bd7 h4 64. Bc6 Kg5 65. Bd7 Kg4 66. Ke1 Kg3 67. Kf1 Nd5 68. Ke2 Kxg2 69.
Bxf5 Nc3+ 0-1